000 00478nam a2200133Ia 4500
008 170516s9999 xx 000 0 und d
245 _aSystemic siRNA Delivery with a Dual pH-Responsive and Tumor-targeted Nanovector for Inhibiting Tumor Growth and Spontaneous Metastasis in Orthotopic Murine Model of Breast Carcinoma
260 _bTheranostics
260 _c2017
300 _a7:2
650 _xMedical Technology
650 _xMedtech
856 _uhttp://www.thno.org/v7i2
999 _c330804
_d330804